000 00572nam a2200205Ia 4500
001 5334
003 GE_BSU
008 181216s||||||||xx |||||||||||||| ||und||
040 _cGE_BSU
080 _a51(075.8)
100 _aБугров, Я.С. Никольский,С. М.
245 _aЗадачник
245 _bучеб. пособие для студ. инженерно-техническ. спец вузов
260 _aМосква.
260 _bНаука
260 _c1982
300 _a192 с.20 см.
653 _aЗадачник
942 _cBK
999 _c38914
_d38914